000 00515cam a2200181 4500500
005 20260405003006.0
041 _afre
042 _adc
100 1 0 _aRégnier, Quentin
_eauthor
245 0 0 _a‘Umrân
260 _c2019.
500 _a21
690 _aArabe
690 _aCivilisation
690 _aUmran
786 0 _nPhilosophie magazine | 134 | 11 | 2019-11-01 | p. 38-38 | 1951-1787
856 4 1 _uhttps://shs.cairn.info/magazine-philosophie-magazine-2019-11-page-38?lang=fr&redirect-ssocas=7080
999 _c2063297
_d2063297